000 00754cam a2200205 a 4500
001 000001878
005 20200929145737.0
008 740801s1966 onca b 000 0 eng d
040 _aDO-SdBNP
_bspa
_cBNPHU
082 _a519.536
_bS641i
100 1 _aSmillie, Keith W.
_96138
245 1 3 _aAn introduction to regression and correlation /
_cK. W. Smillie.
260 _aToronto :
_bRyerson Press ;
_aNew York :
_bAcademic Press,
_c1966.
300 _ax, 168 p. :
_bil. ;
_c24 cm.
504 _aBibliografía: p. 162-164.
650 4 _aAnálisis de regresión
_xModelos matemáticos
_96139
650 4 _aCorrelación (estadística)
_96140
650 4 _aAnálisis de regresion logística
_96141
650 4 _aAnálisis de regresión
_xProcesamiento de datos
_96142
999 _c1755
_d1755